| 000 | 01252nam a2200361 c 4500 | ||
|---|---|---|---|
| 001 | 21226 | ||
| 003 | ES-MaCES | ||
| 005 | 20141221122719.0 | ||
| 008 | 080618s2007 sp ad t 000 | spa d | ||
| 017 |
_aM 54366-2007 _bDL |
||
| 035 | _aCES20080006017m | ||
| 040 |
_aES-MaCES _bspa _cES-MaCES |
||
| 100 | 1 |
_aMartínez Vidal, Cristina _917940 |
|
| 245 | 1 | 0 |
_aMix de generación en el sistema eléctrico español en el horizonte 2030 _c[autores, Cristina Martínez Vidal, Victoriano Casajús Díaz] |
| 260 |
_aMadrid _bForo de la Industria Nuclear Española _c2007 |
||
| 300 |
_a213 p. _bgráf. col., il. bl. y n. _c28 cm |
||
| 504 | _aBibliografía: p. 211-213 | ||
| 541 | _cGratuito | ||
| 650 | 4 |
_aenergía eléctrica _927761 |
|
| 650 | 4 |
_asistema eléctrico _930299 |
|
| 650 | 4 |
_acentral eléctrica _927763 |
|
| 650 | 4 |
_aproducción de energía _927753 |
|
| 650 | 4 |
_ademanda energética _929400 |
|
| 650 | 4 |
_aEspaña _926964 |
|
| 650 | 4 |
_a2030 _931920 |
|
| 650 | 4 |
_apredicción _928899 |
|
| 653 | 1 | 0 | _aIndustria-Energía |
| 700 | 1 |
_aCasajús Díaz, Victoriano _99177 |
|
| 710 | 2 |
_aForo de la Industria Nuclear Española _eed. _93651 |
|
| 902 | _aLIB Libro | ||
| 942 |
_2CES _cBK _h5.2. |
||
| 999 |
_c21226 _d21226 |
||